PRINCIPLES OF DATA MANAGEMENT FACILITATI (Record no. 27458)

MARC details
000 -LEADER
fixed length control field 00380nam a2200145Ia 4500
008 - FIXED-LENGTH DATA ELEMENTS--GENERAL INFORMATION
fixed length control field 240624s9999 xx 000 0 und d
041 ## - LANGUAGE CODE
Language code of text/sound track or separate title eng
082 ## - DEWEY DECIMAL CLASSIFICATION NUMBER
Classification number 005.7419 GOR
100 ## - MAIN ENTRY--PERSONAL NAME
Personal name GORDON KEITH
245 ## - TITLE STATEMENT
Title PRINCIPLES OF DATA MANAGEMENT FACILITATI
250 ## - EDITION STATEMENT
Edition statement (2nd ed.)
260 ## - PUBLICATION, DISTRIBUTION, ETC.
Date of publication, distribution, etc. 2014
Place of publication, distribution, etc. New Delhi
Name of publisher, distributor, etc. Viva Books
300 ## - PHYSICAL DESCRIPTION
Extent xxvi, : 249 : p. : cm. ; 24
365 ## - TRADE PRICE
Currency code RS
Price amount 33
Holdings
Withdrawn status Lost status Damaged status Not for loan Home library Current library Shelving location Date acquired Source of acquisition Cost, normal purchase price Full call number Barcode Date last seen Copy number Price effective from Koha item type
        IMTN IMTN Rack 3-B 05/02/2016 AP 995.00 005.7419 GOR 27458 06/24/2024 1 06/24/2024 Books
Designed & Maintained by: LRC IMT Nagpur Contact: lrc@imtnag.ac.in© 2024. All Rights Reserved.